Ninteenth century Bengal : (Record no. 129647)

MARC details
000 -LEADER
fixed length control field 00756nam a22002297a 4500
005 - DATE AND TIME OF LATEST TRANSACTION
control field 20170124110100.0
010 ## - LIBRARY OF CONGRESS CONTROL NUMBER
LC control number 400174
020 ## - INTERNATIONAL STANDARD BOOK NUMBER
Terms of availability 15.00
035 ## - SYSTEM CONTROL NUMBER
System control number 400174
037 ## - SOURCE OF ACQUISITION
Source of stock number/acquisition Cen Lib/Ret
040 ## - CATALOGING SOURCE
Original cataloging agency DPL
Language of cataloging EN
082 ## - DEWEY DECIMAL CLASSIFICATION NUMBER
Classification number 954.52
Item number SIN
100 ## - MAIN ENTRY--PERSONAL NAME
Personal name Sinha, Pradip
9 (RLIN) 27010
245 ## - TITLE STATEMENT
Title Ninteenth century Bengal :
Statement of responsibility, etc by Pradip Sinha
Remainder of title aspects of social history /
260 ## - PUBLICATION, DISTRIBUTION, ETC. (IMPRINT)
Name of publisher, distributor, etc Firma K.L. Mukhopadhyay
Place of publication, distribution, etc Calcutta
Date of publication, distribution, etc 1965
270 ## - ADDRESS
Address 6/A1 banchara , ankur lane
City Calcutta
300 ## - PHYSICAL DESCRIPTION
Extent viii, 203p.
Dimensions 21cm(Hb)
500 ## - GENERAL NOTE
General note Includes appendix, bibliographical references and index
650 ## - SUBJECT ADDED ENTRY--TOPICAL TERM
Topical term or geographic name as entry element Partition of Bengal (India : 1947)
9 (RLIN) 73741
650 ## - SUBJECT ADDED ENTRY--TOPICAL TERM
Topical term or geographic name as entry element India. Army. Bengal Artillery
9 (RLIN) 73742
942 ## - ADDED ENTRY ELEMENTS (KOHA)
Source of classification or shelving scheme Dewey Decimal Classification
Koha item type English Books
Classification part 954.52
Call number suffix SIN
Holdings
Withdrawn status Lost status Damaged status Not for loan Home library Current library Date acquired Source of acquisition Cost, normal purchase price Total Checkouts Full call number Barcode Date last seen Copy number Cost, replacement price Price effective from Koha item type
        Central Library Central Library 07/07/2015 Cen Lib/Ret 15.00   954.52 SIN 400174 07/07/2015 1 15.00 07/07/2015 English Books

© Delhi Public Library
Hit Counter
free hit counter